000 00544nam a2200181Ia 4500
003 GCL
008 140319s9999 xx 000 0 ara d
040 _aGCL /
_cGCL
082 0 4 _a822
_bهـ ث
100 1 _aهيلمان , ليليان
245 1 0 _aالثعالب الماكرة : مسرحية /
_cهيلمان , ليليان
700 1 _aشوقى السكرى
300 _a193 ص
490 _aالالف كتاب
_v0
650 0 4 _aالادب الانجليزى
650 0 4 _aالمسرحيات الانجليزية
942 _2ddc
_cBK
999 _c46266
_d46266